Pink and Say / (Record no. 4396)

MARC details
000 -LEADER
fixed length control field 00896pam a2200253 a 4500
005 - DATE AND TIME OF LATEST TRANSACTION
control field 20250820103056.0
020 ## - INTERNATIONAL STANDARD BOOK NUMBER
International Standard Book Number 0590542109
040 ## - CATALOGING SOURCE
Original cataloging agency DLC
Transcribing agency DLC
Modifying agency DLC
Language of cataloging eng
050 00 - LIBRARY OF CONGRESS CALL NUMBER
Classification number PZ7.P75186
Item number 1994
082 00 - DEWEY DECIMAL CLASSIFICATION NUMBER
Classification number 973.7
100 1# - MAIN ENTRY--PERSONAL NAME
Personal name Polacco, Patricia
245 10 - TITLE STATEMENT
Title Pink and Say /
Statement of responsibility, etc. Patricia Polacco
250 ## - EDITION STATEMENT
Edition statement First scholastic printing , September 1995
260 ## - PUBLICATION, DISTRIBUTION, ETC.
Place of publication, distribution, etc. New York :
Name of publisher, distributor, etc. Scholastic ;
Date of publication, distribution, etc. 1994
300 ## - PHYSICAL DESCRIPTION
Extent 48 unnumbered pages :
Other physical details color illustrations ;
Dimensions 29 cm.
505 ## - FORMATTED CONTENTS NOTE
Formatted contents note Q <br/>
520 ## - SUMMARY, ETC.
Summary, etc. Say Curtis describes his meeting with Pinkus Aylee, a black soldier, during the Civil War, and their capture by Southern troops. Based on a true story about the author's great-great-grandfather.
521 ## - TARGET AUDIENCE NOTE
Target audience note 660 <br/>
Source Lexile <br/>
521 ## - TARGET AUDIENCE NOTE
Target audience note Q <br/>
Source Raz-Plus <br/>
650 #1 - SUBJECT ADDED ENTRY--TOPICAL TERM
Topical term or geographic name entry element Friendship
General subdivision Fiction.
906 ## - LOCAL DATA ELEMENT F, LDF (RLIN)
a 7
b cbc
c orignew
d 1
e ocip
f 19
g y-gencatlg
942 ## - ADDED ENTRY ELEMENTS (KOHA)
Source of classification or shelving scheme Dewey Decimal Classification
Koha item type Books
Suppress in OPAC No
999 ## -
-- 4396
-- 4396
Holdings
Withdrawn status Lost status Source of classification or shelving scheme Damaged status Not for loan Collection Home library Current library Shelving location Date acquired Total Checkouts Full call number Barcode Date last seen Price effective from Koha item type Copy number
    Dewey Decimal Classification     Juvenile Fiction Footprints International School Library Network Toul Tom Poung Campus Footprints International School Library Network Toul Tom Poung Campus TTP Primary Orange Bookshelves 08/19/2024   POL 973.7 PZ7.P75186 FIS01872 08/19/2024 08/19/2024 Books  
    Dewey Decimal Classification     Juvenile Fiction Footprints International School Library Network Toul Tom Poung Campus Footprints International School Library Network Toul Tom Poung Campus TTP Primary Orange Bookshelves 06/04/2025   POL 973.7 PZ7.P75186 2025-1462 06/04/2025 06/04/2025 Books 2
    Dewey Decimal Classification     Juvenile Fiction Footprints International School Library Network Toul Tom Poung Campus Footprints International School Library Network Toul Tom Poung Campus TTP Primary Orange Bookshelves 07/14/2025   POL 973.7 PZ7.P75186 2025-1840 07/14/2025 07/14/2025 Books 3
    Dewey Decimal Classification     Juvenile Fiction Footprints International School Library Network Toul Tom Poung Campus Footprints International School Library Network Toul Tom Poung Campus TTP Primary Orange Bookshelves 08/20/2025   POL 973.7 PZ7.P75186 FIS04763 08/20/2025 08/20/2025 Books 4